00695cam 2200241 i 4500001000800000005001700008008004100025035002100066906004500087010001700132020002400149040001800173050001700191082001100208100001600219245004600235260003900281300002900320650001600349740001600365991004300381099002900424363294119920519073034.6750424s1975 nyua 000 0 eng  9(DLC) 75000160 a7bcbccorignewd2eocipf19gy-gencatlg a 75000160  a0805501681 :c$1.50 aDLCcDLCdDLC00aGV1303b.F7300a795/.11 aFrey, Skip.10aComplete book of dice games /cSkip Frey. aNew York :bHart Pub. Co.,c[1975] a192 p. :bill. ;c18 cm. 0aDice games. aDice games. bc-GenCollhGV1303i.F73tCopy 1wBOOKS afrey-complete-1071961776